[Event "1st Turkish League 2017"]
[Site "Konya"]
[Date "2017.07.20"]
[Round "5"]
[White "Zubov, Alexander"]
[Black "Demchenko, Anton"]
[Result "1-0"]
[WhiteElo "2612"]
[BlackElo "2645"]
[Annotator "TA"]
[PlyCount "131"]
[EventType "team-tourn"]
[EventCountry "TUR"]
[SourceTitle "playchess.com"]
[Source "ChessBase"]
[SourceQuality "1"]

{[%evp 16,131,13,18,17,0,10,0,0,0,12,0,15,18,45,39,60,70,77,70,70,58,55,54,103,104,101,87,115,78,105,106,100,99,102,102,103,106,87,75,137,146,151,135,179,180,214,145,185,162,225,172,179,77,85,0,0,0,14,14,157,152,151,152,145,122,264,394,408,401,404,415,415,408,393,379,362,336,5057,4214,2337,1921,981,852,752,743,29965,29968,5281,5277,29976,29977,29985,29986,29986,29987,29987,29978,29977,0,29987,0,29981,29982,29986,29987,29989,29990,29990,29990,29991,29992,29993,29994,29994,29995,29996,29997]} 1. d4 Nf6 2. g3 g6 3. Bg2 Bg7 4. e4 d6 5. Ne2 O-O 6. Nbc3 e5 7. h3 exd4 8. Nxd4 Bd7 {B07: Pirc Defence: Miscellaneous Systems} (8... Nc6 9. Be3 Bd7 10. O-O Re8 11. Re1 Nxd4 12. Bxd4 c5 13. Be3 Bc6 14. Qd3 Rc8 15. Rad1 c4 16. Qxc4 Nxe4 17. Nd5 Nf6 18. Nxf6+ Qxf6 19. Bxc6 Rxc6 20. Qb3 {1-0 (43) Acs,P (2579)-Chatalbashev,B (2534) Hungary 2016}) 9. O-O {LiveBook: 21 Games} Nc6 10. Nb3 Re8 {The position is equal.} 11. Re1 $146 ({Predecessor:} 11. Bf4 h6 12. Qd2 g5 13. Be3 Ne5 14. Qe2 Be6 15. Qd1 Nc4 16. Bc1 {1-0 (53) Purtov,A (2445)-Rudolf,H (2325) Berlin 1998}) 11... a6 12. a4 Be6 13. Nd5 Ne5 (13... Qd7 $5 {[%cal Re6h3]}) 14. Nd4 Bd7 15. Bg5 c6 16. Nxf6+ Bxf6 17. Bxf6 Qxf6 18. f4 Nc4 19. b3 Na5 20. Qd2 b6 21. Rad1 Nb7 22. Nf3 Rad8 23. Qb4 $36 {[%mdl 2048] White is really pushing.} b5 24. e5 dxe5 25. Nxe5 Bf5 26. Kh2 Rxd1 27. Rxd1 {And now axb5 would win.} Nd8 (27... c5 $142 28. Qc3 b4) 28. c4 $16 bxa4 29. bxa4 h5 30. h4 Ne6 {Black wants to play ...Nxf4!} 31. Nd7 ({Don't play} 31. Bxc6 Rd8) (31. Nxc6 Nxf4 32. Rd6 Be6 $11) 31... Qg7 32. c5 Bg4 (32... Nc7 $142) 33. Rd2 a5 34. Qc4 (34. Qa3 $1 $18 {has better winning chances.}) 34... Rd8 {[#]} 35. Qd3 ({Of course not} 35. Bxc6 $6 Nf8 $11) (35. Rd6 $1 $16) 35... Nd4 $11 36. Qxd4 Rxd7 37. Qe3 (37. Qxg7+ {feels hotter.} Kxg7 38. Rxd7 Bxd7 39. Kg1 f5 40. Kf2) 37... Qf8 (37... Kh7 $1 $11) 38. Rxd7 $16 ({Inferior is} 38. Bxc6 Rxd2+ 39. Qxd2 Qxc5 $11) 38... Bxd7 39. Qd2 Be6 40. Qxa5 Bd5 (40... Qc8 $16 41. Qb4 Bd5 42. Bxd5 cxd5) 41. Bxd5 $18 cxd5 {[%mdl 4096] Endgame KQ-KQ} 42. c6 Qa3 43. Qxd5 {aiming for c7.} Qxa4 44. Qc5 {Strongly threatening c7.} Qa2+ {[#]} 45. Kg1 $1 Qb1+ 46. Kf2 {Hoping for c7.} Qb2+ $2 (46... Qd3 47. Qc1 Qd4+ 48. Kf1 Qd3+ 49. Kf2 Qd4+ 50. Kf1 Qd3+ 51. Kf2) 47. Ke1 Qb1+ 48. Kd2 Qb2+ 49. Qc2 Qd4+ 50. Ke2 {Black must now prevent c7.} Qg1 51. c7 Qg2+ 52. Kd3 Qxg3+ 53. Ke4 f5+ 54. Kd5 Qf3+ 55. Ke6 Qe3+ 56. Kf6 Qd4+ 57. Ke6 Qe3+ $1 58. Kd5 Qf3+ 59. Kc5 {White mates.} Qb7 60. Kd6 Qb6+ 61. Qc6 Qb4+ 62. Ke6 Qe1+ 63. Kd7 Qd1+ 64. Ke7 Kh7 65. c8=Q Qe1+ 66. Kf7 {Precision: White = 65%, Black = 38%.} 1-0

[Event "1st Turkish League 2017"]
[Site "Konya"]
[Date "2017.07.20"]
[Round "5"]
[White "Solodovnichenko, Yuri"]
[Black "Maghalashvili, Davit"]
[Result "1/2-1/2"]
[WhiteElo "2587"]
[BlackElo "2489"]
[Annotator "TA"]
[PlyCount "159"]
[EventType "team-tourn"]
[EventCountry "TUR"]
[SourceTitle "playchess.com"]
[Source "ChessBase"]
[SourceQuality "1"]

{[%evp 21,159,24,29,6,10,-15,-10,-16,-18,-8,-10,-12,-20,-5,-10,-26,-27,-14,38,35,38,38,38,38,38,38,38,38,38,38,43,43,44,25,23,22,51,25,33,40,36,8,23,38,72,0,0,0,0,0,0,0,0,0,0,0,0,0,0,0,0,0,0,0,0,0,0,0,0,0,0,0,0,0,0,0,0,0,0,0,0,0,0,0,0,0,0,0,0,0,0,0,0,0,0,0,0,0,0,0,0,0,0,0,0,0,0,0,0,0,0,0,0,0,0,0,0,0,0,0,0,0,0,0,0,0,0,0,0,0,0,0,0,0,0,0,0,0,0,0]} 1. e4 e6 2. d4 d5 3. Nc3 dxe4 4. Nxe4 Nd7 {[%cal Bb8d7,Bd7f6,Bf6e4,Be4c3][%mdl 32]} 5. Nf3 Ngf6 6. Bd3 c5 7. O-O Nxe4 8. Bxe4 Nf6 9. Bg5 cxd4 {C10: French with 3 Nc3: Unusual Black 3rd moves and 3...dxe4} 10. Qe2 Be7 (10... Qb6 11. Bxf6 gxf6 12. Rad1 Bg7 13. Nxd4 O-O 14. c3 Bd7 15. Bb1 Rad8 16. g4 Rfe8 17. Rd3 {1-0 (44) Karjakin,S (2783)-Meier,G (2630) chess.com INT 2017}) 11. Rad1 Nxe4 {LiveBook: 6 Games. White has an edge.} 12. Bxe7 Nc3 $146 ({Predecessor:} 12... Qxe7 13. Qxe4 O-O 14. Nxd4 Qc7 15. f4 Bd7 16. c3 Rae8 17. Rf2 e5 18. fxe5 Rxe5 {½-½ (18) Leal,D (2374)-Babio Perez,B (2200) Argentina 2003}) 13. Qe5 Qxe7 14. Qxg7 Qf8 $1 ({But not} 14... Ne2+ $6 15. Kh1 $16) 15. Qxf8+ Rxf8 16. bxc3 dxc3 17. Rd3 Bd7 {[#] Hoping for ...Bb5.} 18. Rb1 O-O-O 19. Ne5 Bc6 (19... Ba4 $1 $11 20. Rxc3+ Kb8) 20. Rxc3 $14 Rd6 21. Nxc6 Rxc6 22. Rxc6+ bxc6 {[%mdl 4096] Endgame KR-KR} 23. Rb4 f5 24. Kf1 Kc7 25. Ke2 Rf7 26. Ke3 Kd6 27. Rb8 Rg7 28. g3 e5 29. Rf8 {Rf6+ is the strong threat.} Ke6 30. Re8+ Kd5 31. f4 exf4+ 32. Kxf4 Kd4 33. Re3 (33. Re2 $16) 33... Rg4+ $1 $11 {The position is equal.} 34. Kf3 h5 35. Ra3 Kd5 36. Rxa7 Rc4 37. Rh7 Ke5 38. Re7+ Kf6 39. Re2 Rc3+ 40. Kf4 h4 41. gxh4 (41. Rd2 {is more complex.} Rc4+ 42. Ke3 hxg3 43. hxg3 Kg5 44. Kf3) 41... Rh3 42. h5 (42. a3 {looks sharper.} Rxh4+ 43. Kg3 Rg4+ 44. Kf3 Rh4 45. Rd2) 42... Rxh5 43. Kg3 Rg5+ 44. Kf3 Rg4 45. Re3 (45. h3 $5 {[%cal Rh3g4]} Rc4 46. Rh2 $11) 45... Rh4 46. Kg2 Rc4 47. c3 Ra4 48. Re2 Rc4 49. Rc2 Ke5 50. Kf3 Rh4 51. Re2+ Kd5 52. Rd2+ Ke5 53. Re2+ Kd5 54. Kg3 Rg4+ 55. Kf2 Rc4 56. Re3 Ra4 57. Rd3+ Ke5 58. Rd2 Rc4 59. Re2+ Kd5 60. Kg3 Rg4+ 61. Kf2 Rc4 62. Ke3 Rh4 63. Rf2 Ke5 64. Re2 Kd5 65. Rf2 Ke5 66. Kd3 c5 67. Re2+ Kd5 68. Rf2 c4+ 69. Ke3 Ke5 70. a4 {[%cal Ba2a4,Ba4a5,Ba5a6,Ba6a7][%mdl 32]} Rh3+ 71. Kd2 f4 72. a5 Rd3+ 73. Ke1 $1 Rxc3 {[#] White must now prevent ...Re3+.} 74. Ra2 Rb3 75. a6 Rb8 76. a7 Ra8 77. Kf2 c3 78. Ke2 f3+ 79. Kxf3 c2 $1 {[%cal Rc2c1]} 80. Rxc2 {Precision: White = 73%, Black = 81%.} 1/2-1/2

[Event "1st Turkish League 2017"]
[Site "Konya"]
[Date "2017.07.20"]
[Round "5"]
[White "Mirzoev, Azer"]
[Black "Parligras, Mircea-Emilian"]
[Result "1/2-1/2"]
[WhiteElo "2541"]
[BlackElo "2603"]
[Annotator "TA"]
[PlyCount "77"]
[EventType "team-tourn"]
[EventCountry "TUR"]
[SourceTitle "playchess.com"]
[Source "ChessBase"]
[SourceQuality "1"]

{[%evp 14,77,0,0,0,0,0,0,4,0,0,0,0,0,0,0,0,0,8,-18,0,0,0,0,0,0,0,0,0,-6,0,-41,-8,-42,0,0,0,-7,-7,-8,-16,-92,-94,-89,-81,-179,-159,-150,-117,-108,0,0,0,0,0,0,0,-4,0,0,0,0,0,0,0,0]} 1. d4 Nf6 2. Nf3 d5 3. c4 e6 4. Nc3 dxc4 5. e3 a6 6. Bxc4 b5 7. Be2 Bb7 8. O-O Nbd7 {D26: Queen's Gambit Accepted: 4 e3 e6 5 Bxc5 c5 sidelines} 9. b3 c5 10. Bb2 Bd6 (10... Be7 11. dxc5 Nxc5 12. Qxd8+ Rxd8 13. Nd4 O-O 14. Rac1 Rc8 15. Rfd1 Rfd8 16. Kf1 {½-½ (31) Wang,Y (2726)-Lysyj,I (2691) China 2015}) 11. Rc1 O-O 12. a4 b4 13. Nb1 $1 {[%cal Bc3b1,Bb1d2,Bd2c4][%mdl 32]} Qe7 14. Nbd2 Rfd8 15. Nc4 Bc7 {[#]} 16. Qc2 $146 ({NOTEXT:} 16. Nfd2 cxd4 17. exd4 {1-0 (52) Bischoff,K (2505)-Blatny,P (2450) Prague 1989}) 16... Be4 17. Bd3 Bxf3 18. gxf3 cxd4 19. Bxd4 Nc5 20. Rfd1 Nxd3 21. Rxd3 Nd5 22. Kh1 e5 23. Bb2 e4 24. Rd4 exf3 {Strongly threatening ...Qg5.} (24... Qh4 $5 25. f4 $8 Nc3 26. Bxc3 bxc3 27. Qxe4 Qxf2 $11) 25. Qf5 {[#]} Nc3 $1 $36 {[%mdl 2560] Black fights for an advantage.} 26. Qxf3 (26. Bxc3 bxc3) 26... Rxd4 27. Qxa8+ (27. exd4 $11 {keeps the balance.} Rd8 28. Bxc3 bxc3 29. Rxc3) 27... Rd8 $17 28. Qf3 Qh4 {[%csl Gc7][%cal Rh4h2]} 29. Qg2 (29. Kg2 $17) 29... g6 $19 30. h3 Rd5 31. f4 Qd8 (31... Rd3 $17 {Threatens to win with ...Bxf4!} 32. Qa8+ Kg7) 32. Bxc3 $11 {The position is equal.} Rd1+ 33. Rxd1 Qxd1+ 34. Be1 $1 Qxe1+ 35. Kh2 h5 36. Qd2 Qf1 37. Qd7 Qf2+ 38. Kh1 Qf1+ 39. Kh2 {Precision: White = 70%, Black = 72%.} 1/2-1/2

[Event "1st Turkish League 2017"]
[Site "Konya"]
[Date "2017.07.20"]
[Round "5"]
[White "Khamrakulov, Djurabek"]
[Black "Lupulescu, Constantin"]
[Result "1/2-1/2"]
[WhiteElo "2477"]
[BlackElo "2634"]
[Annotator "TA"]
[PlyCount "110"]
[EventType "team-tourn"]
[EventCountry "TUR"]
[SourceTitle "playchess.com"]
[Source "ChessBase"]
[SourceQuality "1"]

{[%evp 22,110,0,0,0,0,-4,-6,-1,-16,-4,-20,-5,-5,7,0,14,10,28,18,20,29,42,0,8,12,21,8,25,24,21,18,39,16,10,0,0,0,37,-39,-39,-31,-31,-43,-40,-48,-28,-58,-26,-37,-26,-26,-26,-26,-27,-38,-25,-31,-26,-48,-54,-67,-47,-77,-66,-60,-60,-64,-60,-60,0,-64,0,-60,-60,-60,-60,-63,-64,-63,-34,-58,-41,-58,-49,-49,-41,-41,-41,-41,-41]} 1. e4 c5 2. c3 d5 3. exd5 Qxd5 4. d4 Nf6 5. Nf3 e6 6. Na3 Nc6 7. Be3 cxd4 {B22: Sicilian: 2 c3} 8. Nb5 Qd8 9. Nbxd4 Nd5 10. Nxc6 bxc6 11. Bd4 f6 12. Bc4 {LiveBook: 7 Games} Bd6 13. Qc2 $146 ({NOTEXT:} 13. Nd2 e5 14. Qa4 Bd7 15. Ne4 {1-0 (28) Jones,G (2665)-Dobrov,V (2499) Wijk aan Zee 2017}) 13... e5 14. Be3 Be6 15. Bb3 O-O 16. O-O Kh8 17. Rad1 Qe7 18. Bc1 Rad8 19. Rfe1 Bb8 20. Qe4 Qc7 21. Bc2 {[%csl Gc2][%cal Re4h7] [#]} Bg8 22. Qh4 (22. Nh4 $5 {[%cal Rh4g6]} g6 23. Qg4 $14) 22... Ne7 23. Be3 Rxd1 24. Rxd1 Rd8 25. Rxd8 Qxd8 26. Qa4 Qd7 27. c4 Nf5 28. Be4 Nxe3 29. fxe3 Qe6 30. Bxc6 (30. Nd2 $14) 30... Qxc4 $15 31. Qxc4 Bxc4 $14 {[%mdl 4096] Endgame KBB-KBN} 32. b3 Be6 33. Nd2 Bc7 34. Nc4 Kg8 35. Kf2 Kf8 36. e4 g6 37. Kf3 f5 38. Ne3 Bd6 39. Bd5 Bd7 40. Nc4 Bc7 41. a4 Ke7 42. a5 Bb5 43. Na3 Bd3 44. Ke3 Bf1 45. Kf2 Bd3 (45... Ba6 $5 {[%cal Rc7a5]} 46. Nc4 Bxc4 47. Bxc4 Bxa5 $17) 46. Ke3 $1 {[%cal Re3d3]} Bf1 47. Kf2 $1 {[%cal Rf2f1]} Ba6 {Black is slightly better.} 48. b4 Bd6 49. b5 Bxa3 50. bxa6 $15 {KB-KB} Bb4 51. Kf3 Bxa5 52. g4 fxg4+ 53. Kxg4 Kf6 54. h3 h5+ 55. Kf3 Kg5 {Precision: White = 44%, Black = 43%.} 1/2-1/2

[Event "1st Turkish League 2017"]
[Site "Konya"]
[Date "2017.07.20"]
[Round "5"]
[White "Shtembuliak, Evgeny"]
[Black "Caglar, Ahmet Ata"]
[Result "1-0"]
[WhiteElo "2474"]
[BlackElo "2082"]
[Annotator "TA"]
[PlyCount "79"]
[EventType "team-tourn"]
[EventCountry "TUR"]
[SourceTitle "playchess.com"]
[Source "ChessBase"]
[SourceQuality "1"]

{[%evp 18,79,40,30,70,87,83,93,147,139,143,134,139,145,137,137,284,271,308,326,329,316,329,318,329,238,251,233,227,219,212,208,210,175,200,210,213,158,212,216,197,200,300,302,291,291,322,316,262,285,326,292,336,323,324,313,385,383,433,422,484,496,795,794]} 1. e4 c5 2. Nc3 Nc6 3. Bb5 g6 4. Bxc6 dxc6 5. d3 Bg7 6. Be3 b6 7. Qd2 e5 {B23: Closed Sicilian: Lines without g3} 8. f4 exf4 (8... Nf6 9. Nf3 Ng4 10. Nxe5 Nxe5 11. fxe5 Qh4+ 12. Bf2 Qe7 13. Bg3 Bxe5 14. Bxe5 Qxe5 15. O-O {1-0 (82) Solak,D (2641)-Saraci,N (2383) Minsk 2017}) 9. Bxf4 Be6 10. Nf3 {LiveBook: 5 Games} Ne7 11. Bh6 O-O $146 ({Predecessor:} 11... Bxh6 12. Qxh6 Qd7 13. Rf1 f5 14. Ne5 Qd6 15. Nxg6 Nxg6 16. exf5 Bxf5 17. Rxf5 {½-½ (42) Nuber,K (2072)-Kuhnert,J (2025) Bayern 2005}) 12. h4 {[%cal Bh2h4,Bh4h5][%mdl 32]} f6 (12... Bg4 $142) 13. Bxg7 $16 Kxg7 14. h5 $1 g5 {[#]} 15. Nxg5 $1 {[%mdl 512]} fxg5 16. Qxg5+ Kf7 (16... Ng6 $16 17. Qg3 Qb8 18. Qxb8 Raxb8) 17. O-O+ $18 {[%cal Be1g1,Bg1f1,Bf1e2][%mdl 32]} Ke8 18. Rxf8+ Kxf8 19. Qh6+ Ke8 {Strongly threatening ...Qd4+.} 20. Qxe6 Qd4+ 21. Kf1 Rd8 {next ...Rd6 is good for Black.} 22. Ke2 Rd6 23. Qg4 ({Don't take} 23. Qc4 $6 Qg7 $16) 23... c4 {[%cal Rc4d3]} 24. Rd1 b5 25. a3 a5 {[#]} 26. dxc4 $1 Qxc4+ 27. Rd3 Rxd3 (27... b4 $16) 28. cxd3 Qb3 {[#]} 29. Nd1 $1 c5 (29... Qc2+ {keeps fighting.} 30. Ke3 Qc1+ 31. Ke2 Qc2+ 32. Ke3 Qc1+ 33. Kf2 Qd2+ 34. Qe2 Qg5) 30. Qg5 c4 31. Qd2 Nc6 32. Qc3 cxd3+ 33. Qxd3 Qe6 34. Qd5 ({Much less strong is} 34. Qxb5 Qg4+ 35. Ke1 Qxe4+ 36. Qe2 Qe5 $18) 34... Qg4+ 35. Kf2 Qf4+ 36. Kg1 Ne5 37. Qg8+ Kd7 38. Qxh7+ {White is clearly winning.} Kc6 39. Qf5 Qg3 (39... Qd2 $142 40. Qe6+ (40. Qxe5 Qe1+ 41. Kh2 Qh4+ 42. Kg1 Qe1+ 43. Kh2 Qh4+ 44. Kg1 Qe1+ $11) 40... Kb7 41. Qd5+ (41. Qxe5 Qe1+ 42. Kh2 Qh4+ 43. Kg1 Qe1+ 44. Kh2 Qh4+ 45. Kg1 Qe1+ $11) 41... Qxd5 42. exd5 Kc7) 40. Nf2 {Precision: White = 94%, Black = 57%.} 1-0

[Event "1st Turkish League 2017"]
[Site "Konya"]
[Date "2017.07.20"]
[Round "5"]
[White "Nechaeva, Marina"]
[Black "Sahin, Handenur"]
[Result "1-0"]
[WhiteElo "2408"]
[BlackElo "1897"]
[Annotator "ChessBase"]
[PlyCount "101"]
[EventType "team-tourn"]
[EventCountry "TUR"]
[SourceTitle "playchess.com"]
[Source "ChessBase"]
[SourceQuality "1"]
[TimeControl "5400+30"]

1. d4 {[%emt 0:00:30]} d5 {[%emt 0:01:00]} 2. c4 {[%emt 0:00:30]} c6 {[%emt 0:00:30]} 3. Nc3 {[%emt 0:00:30]} Nf6 {[%emt 0:00:30]} 4. e3 {[%emt 0:00:30]} Bf5 {[%emt 0:00:00]} 5. Nf3 {[%emt 0:00:00]} e6 {[%emt 0:00:00]} 6. Nh4 {[%emt 0:01:00]} Bg6 {[%emt 0:00:00]} 7. Nxg6 {[%emt 0:00:30]} hxg6 {[%emt 0:00:00]} 8. Bd3 {[%emt 0:00:00]} Nbd7 {[%emt 0:00:30]} 9. O-O {[%emt 0:00:00]} Bd6 {[%emt 0:00:30]} 10. h3 {[%emt 0:00:00]} O-O {[%emt 0:01:30]} 11. Bd2 {[%emt 0:00:00]} a6 {[%emt 0:01:30]} 12. c5 {[%emt 0:00:30]} Bc7 {[%emt 0:01:30]} 13. f4 {[%emt 0:00:30]} b6 {[%emt 0:04:30]} 14. b4 {[%emt 0:01:30]} a5 {[%emt 0:03:30]} 15. cxb6 {[%emt 0:04:30]} Nxb6 {[%emt 0:07:30]} 16. bxa5 {[%emt 0:00:30]} Rxa5 {[%emt 0:00:30]} 17. a4 {[%emt 0:00:30]} Qa8 {[%emt 0:04:30]} 18. Qc2 {[%emt 0:01:30]} Rc8 {[%emt 0:02:30]} 19. Rfc1 {[%emt 0:11:30]} Bd8 {[%emt 0:09:30]} 20. Qd1 {[%emt 0:02:30]} Ne8 {[%emt 0:08:30]} 21. Kh1 {[%emt 0:20:30]} Nd6 {[%emt 0:14:30]} 22. Be1 {[%emt 0:00:30]} Ndc4 {[%emt 0:03:30]} 23. Qe2 {[%emt 0:00:00]} c5 {[%emt 0:03:30]} 24. dxc5 {[%emt 0:01:00]} Raxc5 {[%emt 0:00:30]} 25. e4 {[%emt 0:03:30]} Bf6 {[%emt 0:04:30]} 26. e5 {[%emt 0:09:30]} Be7 {[%emt 0:02:30]} 27. Rcb1 {[%emt 0:00:30]} Ra5 {[%emt 0:02:30]} 28. Bc2 {[%emt 0:00:00]} Rac5 {[%emt 0:03:30]} 29. Bd1 {[%emt 0:03:00]} Qc6 {[%emt 0:01:30]} 30. Nb5 {[%emt 0:00:30]} Qd7 {[%emt 0:02:13]} 31. Bf2 {[%emt 0:01:30]} d4 {[%emt 0:01:22]} 32. Nxd4 {[%emt 0:06:30]} Rd5 {[%emt 0:01:31]} 33. Nf3 {[%emt 0:06:30]} Bc5 {[%emt 0:03:53]} 34. a5 {[%emt 0:02:30]} Bxf2 {[%emt 0:01:16]} 35. Qxf2 {[%emt 0:00:30]} Na8 {[%emt 0:00:00]} 36. Bb3 {[%emt 0:00:30]} Qc7 {[%emt 0:02:25]} 37. Bxc4 {[%emt 0:04:41]} Qxc4 {[%emt 0:00:03]} 38. Ng5 {[%emt 0:00:19]} Nc7 {[%emt 0:03:38]} 39. Rc1 {[%emt 0:01:34]} Qb5 {[%emt 0:02:53]} 40. Qh4 {[%emt 0:00:55]} Qe8 {[%emt 0:01:25]} 41. Qh7+ {[%emt 0:00:44]} Kf8 {[%emt 0:00:30]} 42. Qh8+ {[%emt 0:00:30]} Ke7 {[%emt 0:00:30]} 43. Qxg7 {[%emt 0:00:00]} Qf8 {[%emt 0:00:11]} 44. Qxf8+ {[%emt 0:01:27]} Kxf8 {[%emt 0:00:02]} 45. Ne4 {[%emt 0:00:11]} Ke7 {[%emt 0:01:40]} 46. Rc2 {[%emt 0:02:26]} Kd8 {[%emt 0:01:36]} 47. Rac1 {[%emt 0:00:15]} Rxa5 {[%emt 0:00:37]} 48. Nd6 {[%emt 0:00:05]} Ra7 {[%emt 0:00:21]} 49. Rd1 {[%emt 0:02:02]} Rb8 {[%emt 0:01:02]} 50. Nb5+ {[%emt 0:00:36]} Nd5 {[%emt 0:00:30]} 51. Nxa7 {[%emt 0:00:00]} 1-0

[Event "1st Turkish League 2017"]
[Site "Konya"]
[Date "2017.07.20"]
[Round "5"]
[White "Koksal, Ege"]
[Black "Erdogan, Anil Berk"]
[Result "1/2-1/2"]
[WhiteElo "2390"]
[BlackElo "2088"]
[Annotator "NA RC"]
[PlyCount "60"]
[EventType "team-tourn"]
[EventCountry "TUR"]
[SourceTitle "playchess.com"]
[Source "ChessBase"]
[SourceQuality "1"]
[TimeControl "5400+30"]

1. d4 {[%emt 0:00:30]} Nf6 {[%emt 0:01:00]} 2. Nf3 {[%emt 0:00:30]} c5 {[%emt 0:00:00]} 3. d5 {[%emt 0:08:30]} e6 {[%emt 0:00:00]} 4. c4 {[%emt 0:00:30]} exd5 {[%emt 0:00:30]} 5. cxd5 {[%emt 0:00:30]} d6 {[%emt 0:00:30]} 6. Nc3 {[%emt 0:00:00]} g6 {[%emt 0:00:00]} 7. Bf4 {[%emt 0:00:00]} a6 {[%emt 0:01:00]} 8. a4 {[%emt 0:00:00]} Bg7 {[%emt 0:00:30]} 9. h3 {[%emt 0:00:00]} O-O {[%emt 0:00:30]} 10. e3 {[%emt 0:00:00]} Ne8 {[%emt 0:00:00]} 11. Be2 {[%emt 0:00:00]} Nd7 {[%emt 0:00:00]} 12. O-O {[%emt 0:00:30]} Rb8 {[%emt 0:01:30]} 13. Bh2 {[%emt 0:02:30]} f5 {[%emt 0:04:30]} 14. Qc2 {[%emt 0:00:30]} Qe7 {[%emt 0:03:30]} 15. a5 {[%emt 0:00:30]} Ne5 {[%emt 0:08:30]} 16. Nd2 {[%emt 0:00:00]} Nc7 {[%emt 0:06:30]} 17. Rae1 {[%emt 0:11:00]} Re8 $14 {[%emt 0:15:30]} 18. e4 {[%emt 0:17:30]} fxe4 {[%emt 0:17:30]} 19. Ndxe4 {[%emt 0:00:00]} Bf5 {[%emt 0:00:30]} 20. Qd2 {[%emt 0:08:00]} b5 {[%emt 0:11:30]} 21. Kh1 {[%emt 0:20:30]} Kh8 {[%emt 0:00:30]} 22. Kg1 {[%emt 0:00:30]} Kg8 {[%emt 0:00:30]} 23. Kh1 {[%emt 0:00:30]} Kh8 {[%emt 0:00:30]} 24. Kg1 {[%emt 0:00:30]} Kg8 {[%emt 0:00:30]} 25. Kh1 {[%emt 0:00:30]} Kh8 {[%emt 0:00:30]} 26. Kg1 {[%emt 0:00:30]} Kg8 {[%emt 0:00:00]} 27. Kh1 {[%emt 0:00:00]} Kh8 {[%emt 0:00:00]} 28. Kg1 {[%emt 0:00:00]} Kg8 {[%emt 0:00:00]} 29. Kh1 {[%emt 0:00:00]} Kh8 {[%emt 0:00:00]} 30. Kg1 {[%emt 0:00:00]} Kg8 {[%emt 0:00:00]} 1/2-1/2

[Event "1st Turkish League 2017"]
[Site "Konya"]
[Date "2017.07.20"]
[Round "5"]
[White "Erturan, Yakup"]
[Black "Korkmaz, Necmettin"]
[Result "1-0"]
[WhiteElo "2371"]
[BlackElo "2078"]
[Annotator "ChessBase"]
[PlyCount "82"]
[EventType "team-tourn"]
[EventCountry "TUR"]
[SourceTitle "playchess.com"]
[Source "ChessBase"]
[SourceQuality "1"]
[TimeControl "5400+30"]

1. d4 {[%emt 0:00:30]} d5 {[%emt 0:01:00]} 2. Nf3 {[%emt 0:00:30]} Nf6 {[%emt 0:00:30]} 3. g3 {[%emt 0:00:00]} Bf5 {[%emt 0:01:30]} 4. Bg2 {[%emt 0:00:00]} e6 {[%emt 0:00:30]} 5. O-O {[%emt 0:00:30]} Be7 {[%emt 0:01:30]} 6. c4 {[%emt 0:00:30]} c6 {[%emt 0:00:30]} 7. Nc3 {[%emt 0:00:30]} h6 {[%emt 0:00:30]} 8. Qb3 {[%emt 0:11:30]} Qb6 {[%emt 0:02:30]} 9. c5 {[%emt 0:00:30]} Qc7 {[%emt 0:09:30]} 10. Bf4 {[%emt 0:00:30]} Qc8 {[%emt 0:00:30]} 11. Nd2 {[%emt 0:00:30]} O-O {[%emt 0:02:30]} 12. e4 {[%emt 0:08:30]} Nxe4 {[%emt 0:07:30]} 13. Ndxe4 {[%emt 0:06:30]} dxe4 {[%emt 0:01:30]} 14. Bxe4 {[%emt 0:00:30]} Bxe4 {[%emt 0:08:30]} 15. Nxe4 {[%emt 0:00:30]} Rd8 {[%emt 0:06:30]} 16. Bd6 {[%emt 0:04:30]} Bxd6 {[%emt 0:05:30]} 17. Nxd6 {[%emt 0:00:30]} Qc7 {[%emt 0:00:00]} 18. f4 {[%emt 0:05:30]} Na6 {[%emt 0:06:00]} 19. Qc4 {[%emt 0:24:30]} Rxd6 {[%emt 0:05:30]} 20. cxd6 {[%emt 0:00:30]} Qxd6 {[%emt 0:00:00]} 21. f5 {[%emt 0:00:30]} Nc7 {[%emt 0:04:00]} 22. Qc5 {[%emt 0:06:30]} Qxc5 {[%emt 0:09:30]} 23. dxc5 {[%emt 0:00:30]} exf5 {[%emt 0:01:30]} 24. Rxf5 {[%emt 0:03:30]} Rd8 {[%emt 0:00:30]} 25. Re1 {[%emt 0:06:07]} Ne6 {[%emt 0:03:30]} 26. Re3 {[%emt 0:02:36]} Rd7 {[%emt 0:03:36]} 27. Kg2 {[%emt 0:05:12]} g6 {[%emt 0:03:08]} 28. Rfe5 {[%emt 0:00:59]} Kf8 {[%emt 0:00:29]} 29. b4 {[%emt 0:00:18]} Rd2+ {[%emt 0:03:40]} 30. Re2 {[%emt 0:00:30]} Rd4 {[%emt 0:00:30]} 31. R5e4 {[%emt 0:00:00]} Rd5 {[%emt 0:00:00]} 32. Kf2 {[%emt 0:00:33]} Rd3 {[%emt 0:01:59]} 33. Ke1 {[%emt 0:01:27]} Nd4 {[%emt 0:04:28]} 34. Re8+ {[%emt 0:00:30]} Kg7 {[%emt 0:00:07]} 35. R2e7 {[%emt 0:00:21]} Ra3 {[%emt 0:07:24]} 36. Rxb7 {[%emt 0:00:43]} Rxa2 {[%emt 0:00:49]} 37. Ree7 {[%emt 0:00:17]} Nf3+ {[%emt 0:01:17]} 38. Kd1 {[%emt 0:00:07]} Ra1+ {[%emt 0:00:55]} 39. Kc2 {[%emt 0:00:29]} Ne1+ {[%emt 0:00:32]} 40. Kb2 {[%emt 0:00:30]} Rd1 {[%emt 0:00:30]} 41. Rxf7+ {[%emt 0:00:04]} Kg8 {[%emt 0:00:00]} 1-0